Welcome to CU Library Online Public Access Catalogue (OPAC)

Practical Pharmaceutical Chemistry/ (Record no. 7756)

MARC details
000 -LEADER
fixed length control field 00629nam a22001937a 4500
005 - DATE AND TIME OF LATEST TRANSACTION
control field 20250926124342.0
008 - FIXED-LENGTH DATA ELEMENTS--GENERAL INFORMATION
fixed length control field 250926b |||||||| |||| 00| 0 eng d
020 ## - INTERNATIONAL STANDARD BOOK NUMBER
International Standard Book Number 0485113236
Qualifying information Athlone Press, part 2
020 ## - INTERNATIONAL STANDARD BOOK NUMBER
International Standard Book Number 9798123905142
Qualifying information CBS, part 2
050 ## - LIBRARY OF CONGRESS CALL NUMBER
Classification number RS403
Item number .B43
245 ## - TITLE STATEMENT
Title Practical Pharmaceutical Chemistry/
Statement of responsibility, etc. edited by A. H. Beckett & J. B. Stenlake
250 ## - EDITION STATEMENT
Edition statement 4th ed.
260 ## - PUBLICATION, DISTRIBUTION, ETC.
Place of publication, distribution, etc. London
-- New Delhi
Name of publisher, distributor, etc. The Athlone Press
-- CBS Publishers & Distributors
Date of publication, distribution, etc. 1988
-- 2005
300 ## - PHYSICAL DESCRIPTION
Extent 602p.
Other physical details ill.
500 ## - GENERAL NOTE
General note includes index
700 ## - ADDED ENTRY--PERSONAL NAME
Personal name Beckett, A. H.
700 ## - ADDED ENTRY--PERSONAL NAME
Personal name Stenlake, J. B.
942 ## - ADDED ENTRY ELEMENTS (KOHA)
Source of classification or shelving scheme Library of Congress Classification
Koha item type Books
Edition 4th ed.
Suppress in OPAC No
999 ## -
-- 7756
-- 7756
Holdings
Withdrawn status Lost status Source of classification or shelving scheme Damaged status Not for loan Collection Home library Current library Shelving location Date acquired Total checkouts Full call number Barcode Date last seen Copy number Price effective from Koha item type
    Library of Congress Classification     Non-fiction Science Library (Miotso) Science Library (Miotso) General stacks 09/26/2025   RS403 .B43 PRA SLM00004498 09/26/2025 1 09/26/2025 Books
    Library of Congress Classification     Non-fiction Science Library (Miotso) Science Library (Miotso) General stacks 09/26/2025   RS403 .B43 PRA SLM00004499 09/26/2025 2 09/26/2025 Books
    Library of Congress Classification     Non-fiction Science Library (Miotso) Science Library (Miotso) General stacks 09/26/2025   RS403 .B43 PRA SLM00004500 09/26/2025 3 09/26/2025 Books
    Library of Congress Classification     Non-fiction Science Library (Miotso) Science Library (Miotso) General stacks 09/26/2025   RS403 .B43 PRA SLM00004501 09/26/2025 4 09/26/2025 Books
    Library of Congress Classification     Non-fiction Science Library (Miotso) Science Library (Miotso) General stacks 09/26/2025   RS403 .B43 PRA SLM00004502 09/26/2025 5 09/26/2025 Books
    Library of Congress Classification     Non-fiction Science Library (Miotso) Science Library (Miotso) General stacks 09/26/2025   RS403 .B43 PRA SLM00004503 09/26/2025 6 09/26/2025 Books
    Library of Congress Classification     Non-fiction Science Library (Miotso) Science Library (Miotso) General stacks 09/26/2025   RS403 .B43 PRA SLM00004504 09/26/2025 7 09/26/2025 Books
    Library of Congress Classification     Non-fiction Science Library (Miotso) Science Library (Miotso) General stacks 09/26/2025   RS403 .B43 PRA SLM00004505 09/26/2025 8 09/26/2025 Books
© 2023-2024 Copyright: Central University Libraries. All Rights Reserved | Created by: Mahone Tech Office